Translate the most common words in Spanish - Statistics

General Stats
  • This quiz has been taken 213 times
  • The average score is 42 of 100
Answer Stats
Hint Answer % Correct
La The
88%
Y And
84%
En In
81%
De Of
79%
Un One
79%
Una One
79%
No No
78%
Los The
76%
Con With
75%
Para For
70%
El He
70%
Es Is
70%
Más More
70%
Dos Two
69%
También Also
68%
Las The
67%
O Or
66%
Sin Without
66%
Mi My
64%
Pero But
63%
Yo I
63%
Muy Much
63%
Años Years
63%
Como How
62%
Qué What
61%
Cuando When
61%
Uno One
59%
Este This
57%
Me To me
57%
Todo All
54%
Porque Because
54%
A To
54%
Bien Good
52%
Sólo Only
51%
Él He
50%
Que That
50%
Donde Where
50%
Son Are
47%
Vida Life
47%
Todos We
46%
Ser Be
44%
Día Day
44%
Si If
44%
Ahora Now
44%
Tiempo Time
44%
Otro Another
43%
Puede Can
43%
Su It's
43%
Fue Was
42%
Yes
42%
Tres Three
41%
Ella She
39%
Al To
38%
Siempre Always
37%
Tiene Has
37%
Otros Others
36%
Parte Part
36%
Después After
34%
Otra Another
34%
Esta Is
34%
Era Was
34%
Vez Time
33%
Del From
32%
Mismo Same
32%
Está Is
31%
Ese That
31%
Te You
31%
Entre Between
30%
Esa That
30%
Eso That
30%
Durante During
29%
Hasta Until
28%
Ya Already
26%
Sus Theirs
26%
Nos Us
26%
Sobre On
25%
País Country
24%
Menos Less
24%
Ha Have
23%
Ni Nor
23%
E And
22%
Desde From
22%
Cada Each
19%
Se Be
17%
Gran Big
17%
Gobierno Government
17%
Dijo Said
17%
Así So
17%
Tan So
17%
Por By
16%
Han Have
15%
Había Was
15%
Hay Is
13%
Aunque Although
11%
Le Him
11%
Tanto So
11%
Hace Does
10%
Sido Been
7%
Según According
6%
Lo What
1%
No matching quizzes found
Score Distribution
Percent of People with Each Score
Percentile by Number Answered
Your Score History
You have not taken this quiz